| 000 | 00396nam a2200145 a 4500 | ||
|---|---|---|---|
| 001 | 1253 | ||
| 003 | CDMR | ||
| 005 | 20130116135207.0 | ||
| 008 | 130130s1993||||||||||||||||||||||||||||d | ||
| 040 |
_aCDMR _bcat _cCPC GIRONA |
||
| 100 | 1 |
_aGulsoy, Joseph _9974 |
|
| 245 | 1 | 0 |
_aEstudis de gramàtica històrica _cGulsoy, Joseph |
| 260 |
_c1993 _bInstitut Universitari de Filologia Valenciana |
||
| 942 | _cMON | ||
| 999 |
_c1253 _d1253 |
||